|
|
|
|
| LEADER |
03793nam a2200661 i 4500 |
| 001 |
mzk03001272052 |
| 003 |
CZ BrMZK |
| 005 |
20200901093510.0 |
| 007 |
ta |
| 008 |
200601s1684 be a fr|||||00| ||latod |
| 040 |
|
|
|a BOA001
|b cze
|e rda
|
| 072 |
|
7 |
|a 2-23/-27
|x Bible. Biblistika
|2 Konspekt
|9 5
|
| 072 |
|
7 |
|a 094
|x Staré tisky
|2 Konspekt
|9 12
|
| 080 |
|
|
|a 27-27
|2 MRF
|
| 080 |
|
|
|a 27-246-27
|2 MRF
|
| 080 |
|
|
|a 27-254-273
|2 MRF
|
| 080 |
|
|
|a 025.171
|2 MRF
|
| 080 |
|
|
|a (0.068)094
|2 MRF
|
| 100 |
1 |
|
|a Lapide, Cornelius Cornelii a,
|d 1567-1637
|7 ola2007364640
|4 aut
|
| 245 |
1 |
0 |
|a COMMENTARIA IN ACTA APOSTOLORVM, EPISTOLAS CANONICAS, ET APOCALYPSIN. /
|c Auctore R. P. CORNELIO CORNELII A LAPIDE, è Societate IESV, olim in Louaniensi, post in in Romano Collegio Sacrarum Litterarum Professore
|
| 246 |
3 |
3 |
|a COMMENTARIA IN ACTA APOSTOLORVM
|
| 246 |
3 |
3 |
|a COMMENTARIA IN ACTA APOSTOLORUM
|
| 246 |
3 |
8 |
|a CORNELII a LAPIDE COMMENTARIORUM IN ACTA APOST: EPIST: CAN: & APOCALYPSIN. Tom: X.
|
| 250 |
|
|
|a Editio vltima aucta et recognita
|
| 264 |
|
1 |
|a ANTVERPIAE :
|b APVD VIDVAM IACOBI MEVRSY,
|c 1684
|
| 300 |
|
|
|a 8 nečíslovaných stran, 368 stran, 34 nečíslovaných stran ;
|c 2°
|
| 336 |
|
|
|a text
|b txt
|2 rdacontent
|
| 337 |
|
|
|a bez média
|b n
|2 rdamedia
|
| 338 |
|
|
|a svazek
|b nc
|2 rdacarrier
|
| 500 |
|
|
|a Rozsah: [8], 368, [34] s.
|
| 500 |
|
|
|a Výzdoba: Mědirytinový titulní list s vyobrazením biblických scén s množstvím postav (v horní části scéna ze Zjevení 5 kapitoly: Boží trůn, Kristus se svitkem s pečeťmi, čtyři bytosti u trůnu, kruh starců a zástup andělů, níže vyobrazení apoštolů a scén z jejich životů, uprostřed ozdobná kartuše s titulním názvem, kterou nesou andělé), iniciály, linky, viněty, text tištěn převážně dvousloupcově
|
| 500 |
|
|
|a Na zadní předsádce rukopisná poznámka (seznam komentářů k bibli od Cornelia Lapida)
|
| 501 |
|
|
|a Obsahuje: Přívazek 1, Commentaria In Epistolas Canonicas ... / Cornelius Cornelii a Lapide. -- Přívazek 2, Commentaria In Apocalypsin S. Iohannis Apostoli ... / Cornelius Cornelii a Lapide
|
| 561 |
|
|
|a Provenience: [exlibris] Ut Fristes, Semper autem Gaudentes
|
| 561 |
|
|
|a Provenience: [m.p.] Monasterii S. Wenceslai Braunae O. S. B.
|
| 561 |
|
|
|a Provenience: [razítko] Státní vědecká knihovna Hradec Králové 13508
|
| 563 |
|
|
|a Původní usňová vazba, lepenkové desky potažené obílenou vepřovicí s rostlinným a figurálním slepotiskem v rámcích, hlavičky bez legend, ořízka barvená modře, na hřbetě rukopisný nápisový štítek
|
| 630 |
0 |
7 |
|a Bible.
|p Skutky apoštolské
|7 unn2006374703
|2 czenas
|
| 650 |
|
7 |
|a biblistika
|7 ph118873
|2 czenas
|
| 650 |
|
7 |
|a novozákonní biblistika
|7 ph927549
|2 czenas
|
| 650 |
|
7 |
|a biblické komentáře
|7 ph684318
|2 czenas
|
| 650 |
|
7 |
|a historické knihovní fondy
|7 ph172933
|2 czenas
|
| 655 |
|
7 |
|a staré tisky
|7 fd422076
|2 czenas
|
| 700 |
1 |
|
|a Vitelleschi, Muzio,
|d 1563-1645
|7 jo2004214955
|4 cns
|
| 700 |
1 |
|
|a Spitholdius, Egbertus
|4 cns
|
| 856 |
4 |
2 |
|u https://books.google.cz/books?id=ngJEAAAAcAAJ&printsec=frontcover&hl=cs&source=gbs_ge_summary_r&cad=0#v=onepage&q&f=false
|y Digitalizovaný dokument
|z Exemplář z Google Books
|
| 903 |
|
|
|a RP
|
| 910 |
|
|
|a NAG950
|b B - I. D. 3,9
|
| 978 |
|
|
|b Meurs, Jakob van
|a Antwerpen
|c 1684
|
| 982 |
0 |
|
|a Broumov - benediktinský klášter
|
| 982 |
0 |
|
|a Hradec Králové - SVK
|
| 984 |
|
|
|a Antverpy
|b Belgie
|
| 985 |
|
|
|a 1651-1700
|
| 990 |
|
|
|a BK
|
| 991 |
|
|
|k broumov
|
| 980 |
|
|
|c 003863
|g B - I. D. 3,9
|1 458950003863
|p I. D. 3
|
| 994 |
|
|
|a DN
|l MZK03
|b 001272059
|m záznam 1. díla (pro objednání pokračujte kliknutím)
|n přívazek 1
|
| 994 |
|
|
|a DN
|l MZK03
|b 001272061
|m záznam 1. díla (pro objednání pokračujte kliknutím)
|n přívazek 2
|